ბათუმის შოთა რუსთაველის სახელმწიფო უნივერსიტეტის ბიბლიოთეკა

The totem and the old world : The Caucasus. The Mediterranean. The Pyrenees (ბიბ.ჩანაწერი № 57044)

000 -LEADER
fixed length control field 01052nam a22002057a 4500
005 - DATE AND TIME OF LATEST TRANSACTION
control field 20191031124113.0
008 - FIXED-LENGTH DATA ELEMENTS--GENERAL INFORMATION
fixed length control field 191031s2007 en ||||| |||| 00| 0 eng d
020 ## - INTERNATIONAL STANDARD BOOK NUMBER
International Standard Book Number 9789994098750
080 ## - UNIVERSAL DECIMAL CLASSIFICATION NUMBER
Universal Decimal Classification number 2-136.8:39(=35):94(3)M-68
100 ## - MAIN ENTRY--PERSONAL NAME
Personal name Mikeladze, Merab.
9 (RLIN) 5175
245 ## - TITLE STATEMENT
Title The totem and the old world : The Caucasus. The Mediterranean. The Pyrenees
Remainder of title (Following the tracks of myths, legends, theories, hypotheses) /
Statement of responsibility, etc. Merab Mikeladze ; Translated by : Givi Daushvili ; editor : Anna Meskhi .
264 ## - PRODUCTION, PUBLICATION, DISTRIBUTION, MANUFACTURE, AND COPYRIGHT NOTICE
Place of production, publication, distribution, manufacture Tbilisi :
Name of producer, publisher, distributor, manufacturer Nekeri,
Date of production, publication, distribution, manufacture, or copyright notice 2007.
300 ## - PHYSICAL DESCRIPTION
Extent 147 p. ;
Dimensions 20 cm.
500 ## - GENERAL NOTE
General note Bibliogr.: p. 138-147.
653 ## - INDEX TERM--UNCONTROLLED
keyword The totem and the old world The Caucasus The Mediterranean The Pyrenees
653 ## - INDEX TERM--UNCONTROLLED
keyword ტოტემი ქართველები ძველი სამყაროს ისტორია ძველი სამყაროს მითოლოგია
700 ## - ADDED ENTRY--PERSONAL NAME
Personal name Daushvili , Givi
Relator term მთარგმნელი
9 (RLIN) 5176
700 ## - ADDED ENTRY--PERSONAL NAME
Personal name Meskhi , Anna
Relator term რედაქტორი
9 (RLIN) 5177
942 ## - ADDED ENTRY ELEMENTS (KOHA)
Source of classification or shelving scheme
Koha item type წიგნი
ეგზემპლარები
Withdrawn status Lost status Source of classification or shelving scheme Damaged status Not for loan Permanent Location Current Location Shelving location Date acquired Cost, normal purchase price Full call number Barcode Date last seen Copy number Price effective from Koha item type Public note
          ბათუმის შოთა რუსთაველის სახელმწიფო უნივერსიტეტის მთავარი ბიბლიოთეკა ბათუმის შოთა რუსთაველის სახელმწიფო უნივერსიტეტის მთავარი ბიბლიოთეკა წიგნსაცავი 2019-10-31 5.00 2-136.8:39(=35):94(3) M-68 59047 2019-10-31 59047 2019-10-31 წიგნი 5.00